[Event "Complete Chess Match"]
[Site "Maastricht NED"]
[Date "2008.03.03"]
[Round "1"]
[White "Stellwagen, D."]
[Black "L'Ami, E."]
[Result "1/2-1/2"]
[WhiteElo "2625"]
[BlackElo "2581"]
[PlyCount "85"]
[EventDate "2008.03.03"]
[Source "www.chesslib.no"]
[SourceDate "2004.05.04"]

1. e4 e5 2. Nf3 Nc6 3. Bc4 Nf6 4. d4 exd4 5. e5 d5 6. Bb5 Ne4 7. Nxd4 Bd7 8. Bxc6 bxc6 9. O-O Bc5 10. Be3 Qe7 11. Re1 O-O 12. f3 Ng5 13. f4 Ne6 14. c3 Rab8 15. b3 g6 16. Nd2 Bb6 17. N2f3 c5 18. Ne2 Bc6 19. Bf2 d4 20. Qd3 Qd7 21. Rad1 f5 22. cxd4 Bxf3 23. gxf3 cxd4 24. Nxd4 Bxd4 25. Bxd4 Rfd8 26. Qc4 Kf7 27. Kg2 Qb5 28. Qxb5 Rxb5 29. Be3 Rbd5 30. Rxd5 Rxd5 31. Rc1 h6 32. Rc6 g5 33. fxg5 hxg5 34. Ra6 Rxe5 35. Kf2 f4 36. Bxa7 Rd5 37. b4 Rd2+ 38. Kg1 Rb2 39. a3 Ke7 40. Bf2 Rb1+ 41. Kg2 Rb2 42. Kf1 Rb1+ 43. Kg2 1/2-1/2

[Event "Complete Chess Match"]
[Site "Maastricht NED"]
[Date "2008.03.04"]
[Round "2"]
[White "L'Ami, E."]
[Black "Stellwagen, D."]
[Result "1/2-1/2"]
[WhiteElo "2581"]
[BlackElo "2625"]
[PlyCount "80"]
[EventDate "2008.03.03"]
[Source "www.chesslib.no"]
[SourceDate "2004.05.04"]

1. e4 e5 2. Nf3 Nc6 3. Bc4 Nf6 4. d4 exd4 5. e5 d5 6. Bb5 Ne4 7. Nxd4 Bc5 8. Be3 O-O 9. Nxc6 bxc6 10. Bxc5 Nxc5 11. Bxc6 Rb8 12. Qxd5 Qe7 13. O-O Rxb2 14. Nc3 Ba6 15. Rfd1 Rxc2 16. Qd4 Ne6 17. Nd5 Qa3 18. Qa4 Qc5 19. Ne3 Rc3 20. Qxa6 Qxc6 21. Qxc6 Rxc6 22. Rab1 Ra6 23. Rb2 Ra5 24. Rd5 Rxd5 25. Nxd5 Rd8 26. Ne3 Kf8 27. g3 Rd3 28. Kf1 Ra3 29. Kg2 h5 30. h4 Ra5 31. f4 Nd4 32. Kf2 Ke7 33. Rd2 c5 34. Nc4 Ra4 35. Nd6 Ke6 36. Ne4 Rc4 37. Nxc5+ Rxc5 38. Rxd4 Rc2+ 39. Kf3 Rxa2 40. Rd6+ Kf5 1/2-1/2

[Event "Minsk op"]
[Site "Minsk"]
[Date "1996.??.??"]
[Round "9"]
[White "Kovalevskaya, O."]
[Black "Tereshkova"]
[Result "0-1"]
[WhiteElo "2560"]
[BlackElo "2560"]
[PlyCount "28"]
[EventDate "1996.??.??"]
[Source "www.chesslib.no"]
[SourceDate "2004.05.04"]

1. e4 e5 2. Nf3 Nc6 3. Bc4 Nf6 4. d4 exd4 5. Ng5 d5 6. exd5 Qe7+ 7. Kf1 Ne5 8. Qxd4 Nxc4 9. Qxc4 Qc5 10. Qe2+ Be7 11. c4 Nxd5 12. Nxf7 Rf8 13. Ng5 Bf5 14. a3 Bd3 0-1

[Event "Vejle DEN"]
[Site "Vejle DEN"]
[Date "1994.??.??"]
[Round "?"]
[White "Hector, Jonny"]
[Black "Nunn, John D M"]
[Result "1/2-1/2"]
[WhiteElo "2515"]
[BlackElo "2605"]
[PlyCount "50"]
[EventDate "1994.??.??"]
[Source "www.chesslib.no"]
[SourceDate "2004.05.04"]

1. e4 e5 2. Nf3 Nc6 3. Bc4 Nf6 4. d4 exd4 5. e5 Ne4 6. Bd5 Nc5 7. c3 dxc3 8. Nxc3 Be7 9. Be3 O-O 10. Qe2 Nb4 11. O-O c6 12. Bxc5 Bxc5 13. Bb3 d5 14. a3 Na6 15. h4 b5 16. Ng5 b4 17. Bc2 g6 18. axb4 Nxb4 19. Bb1 Rb8 20. Qd2 h6 21. Nge4 Qe7 22. Qxh6 dxe4 23. h5 f5 24. hxg6 Qg7 25. Qf4 Rb7 1/2-1/2

[Event "Vienna op"]
[Site "Vienna"]
[Date "1996.??.??"]
[Round "5"]
[White "Sveshnikov, Evgeny"]
[Black "Huzman, Alexander"]
[Result "1/2-1/2"]
[WhiteElo "2535"]
[BlackElo "2575"]
[PlyCount "135"]
[EventDate "1996.08.??"]
[Source "ChessBase"]

1. e4 e5 2. Nf3 Nc6 3. Bc4 Nf6 4. d4 exd4 5. e5 Ng4 6. Qe2 Qe7 7. Bf4 d6 8. exd6 Qxe2+ 9. Bxe2 Bxd6 10. Bxd6 cxd6 11. Na3 O-O 12. Rd1 d5 13. Nxd4 Nf6 14. f3 Bd7 15. Kf2 Rac8 16. Rd2 Na5 17. c3 Nc4 18. Nxc4 dxc4 19. Nc2 Rc5 20. Ne3 Be6 21. Rhd1 g6 22. Rd4 Rfc8 23. Rd8+ Kg7 24. Rxc8 Rxc8 25. g4 Rc6 26. Rd4 Rb6 27. Rd2 Rc6 28. Kg3 Ne8 29. Kf4 Nd6 30. Nc2 Rb6 31. Nd4 Kf6 32. h4 h6 33. Ke3 g5 34. f4 gxh4 35. Bf3 Ke7 36. Rh2 Bd7 37. b4 cxb3 38. axb3 f5 39. g5 Nf7 40. gxh6 Nxh6 41. Rxh4 Kd8 42. Rh5 Kc7 43. Rg5 Rf6 44. Kd3 b6 45. Rg7 Rf7 46. Rg6 Ng4 47. b4 Nf2+ 48. Ke3 Ng4+ 49. Kd2 Rh7 50. b5 Rh2+ 51. Kd3 Rh3 52. Kc4 Ne3+ 53. Kb3 Rh7 54. Bc6 Bc8 55. Rg8 Re7 56. Rf8 Rh7 57. Re8 Ng4 58. Kb4 Rg7 59. Rf8 Ne3 60. Bf3 Rh7 61. Re8 Ng4 62. Rf8 Ne3 63. Bc6 Rh2 64. Kb3 Rf2 65. Re8 Nf1 66. Re7+ Kd6 67. Re8 Kc7 68. Re7+ 1/2-1/2

[Event "Two Knights Defense Thematic (B), SEMI"]
[Site "?"]
[Date "1997.??.??"]
[Round "?"]
[White "Pietrocola, R."]
[Black "Pepe, S."]
[Result "1/2-1/2"]
[WhiteElo "2275"]
[BlackElo "2830"]
[PlyCount "60"]
[EventDate "1997.??.??"]
[Source "www.chesslib.no"]
[SourceDate "2004.05.04"]

1. e4 e5 2. Nf3 Nc6 3. Bc4 Nf6 4. d4 exd4 5. O-O Bc5 6. e5 Ng4 7. Bf4 d6 8. exd6 Bxd6 9. Re1+ Be7 10. c3 dxc3 11. Nxc3 O-O 12. h3 Nf6 13. Nb5 Na5 14. Nxc7 Nxc4 15. Nxa8 Nd5 16. Qd4 Nxf4 17. Qxf4 Nxb2 18. Qc7 Bd6 19. Qxd8 Rxd8 20. Rab1 Nd3 21. Red1 Bf5 22. Rxb7 Rxa8 23. Nh4 Be4 24. Rd7 Bc5 25. R1xd3 Bxd3 26. Rxd3 Rb8 27. Nf3 Rb1+ 28. Kh2 g6 29. Rd2 Ra1 30. Rc2 Bb6 1/2-1/2

[Event "Nova Gorica op 7th"]
[Site "Nova Gorica"]
[Date "2002.02.07"]
[Round "8"]
[White "Zelcic, Robert"]
[Black "Mikhalchishin, Adrian"]
[Result "1/2-1/2"]
[WhiteElo "2544"]
[BlackElo "2542"]
[PlyCount "122"]
[EventDate "2002.01.12"]
[Source "ChessBase"]
[SourceDate "2002.03.14"]

1. e4 e5 2. Nf3 Nc6 3. Bc4 Nf6 4. d4 exd4 5. e5 Ng4 6. Qe2 Qe7 7. Bf4 f6 8. exf6 gxf6 9. Nbd2 d6 10. Nb3 Qxe2+ 11. Bxe2 d3 12. cxd3 Bh6 13. Bxh6 Nxh6 14. h3 Bd7 15. g4 O-O-O 16. Kd2 Nb4 17. Nh4 Ng8 18. f4 Ne7 19. Bf3 Rde8 20. Nd4 c5 21. Ne2 Bc6 22. Nc3 Bxf3 23. Nxf3 f5 24. Rae1 Kd7 25. Ng5 h5 26. a3 Nbc6 27. gxf5 Nxf5 28. Nge4 Ref8 29. Reg1 Ncd4 30. Rg6 Kc6 31. Kc1 h4 32. Rhg1 b6 33. R1g5 a6 34. b4 a5 35. b5+ Kd7 36. Nd5 Rb8 37. Nef6+ Ke6 38. Nc7+ Kf7 39. Ne4 Ke7 40. Nd5+ Kd7 41. Rf6 Rbf8 42. Nxb6+ Kd8 43. Nd5 Rxf6 44. Nexf6 a4 45. Ne4 Kd7 46. Ndc3 Rb8 47. Nd2 Rf8 48. Nde4 Rb8 49. Rh5 Ke6 50. Kd1 Ne3+ 51. Kd2 Nef5 52. Kc1 Nb3+ 53. Kd1 Nbd4 54. Ng5+ Kf6 55. Nge4+ Ke6 56. Rh7 Nxb5 57. Ng5+ Kf6 58. Nge4+ Kg6 59. Rf7 Nbd4 60. Rf6+ Kg7 61. Nxd6 Nxd6 1/2-1/2

[Event "Russia (ch)"]
[Site "?"]
[Date "1994.??.??"]
[Round "?"]
[White "Sveshnikov, E."]
[Black "Arkhipov, S."]
[Result "1/2-1/2"]
[WhiteElo "2585"]
[BlackElo "2495"]
[PlyCount "102"]
[EventDate "1994.??.??"]
[Source "ChessBase"]
[SourceDate "1995.02.01"]

1. e4 e5 2. Nf3 Nc6 3. Bc4 Nf6 4. d4 exd4 5. e5 Ne4 6. O-O d5 7. exd6 Nxd6 8. Bd5 Nf5 9. Re1+ Be7 10. Bxc6+ bxc6 11. g4 Nd6 12. Nxd4 Qd7 13. Bg5 f6 14. Bf4 Kf7 15. Nc3 Re8 16. h3 Bf8 17. Qf3 Bb7 18. Na4 Nc4 19. Red1 Qd5 20. Qxd5+ cxd5 21. Bxc7 h5 22. gxh5 Bb4 23. Rd3 Rac8 24. Rb3 Rxc7 25. Rxb4 Bc8 26. Nc3 Re5 27. Ncb5 Rd7 28. b3 Nd6 29. Nxd6+ Rxd6 30. Rd1 Bxh3 31. Rd3 Rxh5 32. Rb7+ Rd7 33. Rxd7+ Bxd7 34. Rc3 Rg5+ 35. Kf1 Ke8 36. Rc7 Bh3+ 37. Ke2 Re5+ 38. Kd3 Re7 39. Rxe7+ Kxe7 40. Nc6+ Kd6 41. Nxa7 Kc5 42. a4 Bf5+ 43. Kc3 d4+ 44. Kd2 Bd7 45. Nb5 g5 46. Na3 f5 47. Nc4 Bxa4 48. bxa4 Kxc4 49. a5 Kb5 50. Kd3 g4 51. Kxd4 f4 1/2-1/2

[Event "RUS-ch m1-2"]
[Site "Elista"]
[Date "1997.05.20"]
[Round "1.2"]
[White "Sveshnikov, Evgeny"]
[Black "Balashov, Yuri S"]
[Result "1-0"]
[WhiteElo "2560"]
[BlackElo "2510"]
[PlyCount "165"]
[EventDate "1997.05.19"]
[Source "ChessBase"]
[SourceDate "1997.08.01"]

1. e4 e5 2. Nf3 Nc6 3. Bc4 Nf6 4. d4 exd4 5. e5 d5 6. Bb5 Ne4 7. Nxd4 Bc5 8. Be3 Bxd4 9. Qxd4 O-O 10. Bxc6 bxc6 11. Nc3 Ng5 12. Bxg5 Qxg5 13. f4 Qh4+ 14. g3 Qh5 15. O-O Bh3 16. Rf2 f6 17. Re1 Rae8 18. Rfe2 Qf3 19. Rf2 Qh5 20. Rfe2 Qf3 21. Qd3 Qxd3 22. cxd3 Bg4 23. Rf2 d4 24. Na4 Re7 25. Nc5 Rfe8 26. Kg2 fxe5 27. h3 Bh5 28. g4 Bf7 29. Rfe2 Bd5+ 30. Kh2 Rf8 31. fxe5 Rf3 32. b4 Kf7 33. e6+ Kg6 34. a4 h5 35. gxh5+ Kxh5 36. Rg1 g5 37. Rg4 Rf4 38. Rxf4 gxf4 39. Re5+ Kg6 40. h4 Kf6 41. Nd7+ Kg7 42. Rg5+ Kh6 43. Nc5 Re8 44. Rf5 Kg6 45. Rxf4 Bxe6 46. Nxe6 Rxe6 47. Rxd4 Kf5 48. Kg3 Re3+ 49. Kf2 Rh3 50. Ke2 Ke5 51. Rg4 Kd5 52. Kd2 Rh1 53. Kc2 a6 54. Kc3 Rc1+ 55. Kd2 Rh1 56. Kc2 Ke5 57. Rc4 Kd6 58. Kd2 Rh2+ 59. Kc3 Rh1 60. Rg4 Kd5 61. Rg5+ Kd6 62. h5 Rh4 63. Rg6+ Kd5 64. Rg5+ Kd6 65. d4 Rh3+ 66. Kc4 Kd7 67. Ra5 Rh1 68. Kd3 Rh3+ 69. Ke4 Rh4+ 70. Ke3 Kd6 71. Rg5 Ke6 72. a5 Kd6 73. Rg6+ Kd5 74. h6 Kc4 75. Rxc6+ Kxb4 76. Rxa6 Kb5 77. Rg6 Kxa5 78. d5 Kb5 79. Rc6 Rh5 80. Ke4 Kb4 81. Kf4 Kb5 82. Kg4 Rxd5 83. Rxc7 1-0

[Event "Olympiad"]
[Site "?"]
[Date "2002.11.05"]
[Round "10"]
[White "Zelcic Robert"]
[Black "Timoscenko Genadij"]
[Result "1/2-1/2"]
[WhiteElo "2554"]
[BlackElo "2509"]
[PlyCount "112"]
[EventDate "2002.??.??"]
[Source "www.chesslib.no"]
[SourceDate "2004.05.04"]

1. e4 e5 2. Nf3 Nc6 3. Bc4 Nf6 4. d4 exd4 5. e5 Ng4 6. O-O d6 7. exd6 Qxd6 8. Re1+ Be7 9. Bg5 O-O 10. Bxe7 Nxe7 11. Qxd4 Qxd4 12. Nxd4 Nf5 13. Nxf5 Bxf5 14. Re7 a6 15. h3 Nf6 16. g4 Bxc2 17. Rxc7 Rfc8 18. Bxf7+ Kf8 19. Rxc8+ Rxc8 20. Be6 Rc6 21. Na3 Rxe6 22. Nxc2 Re2 23. Rc1 Ne4 24. f4 Ng3 25. Nd4 Rxb2 26. Rc8+ Kf7 27. Rc7+ Kf6 28. a3 h6 29. h4 Ne2+ 30. Nxe2 Rxe2 31. Rxb7 Re3 32. g5+ hxg5 33. fxg5+ Kg6 34. Rb6+ Kh5 35. Rxa6 g6 36. Kf2 Rb3 37. Ke2 Kxh4 38. Ra5 Kg4 39. a4 Kf4 40. Kd2 Ke4 41. Kc2 Rg3 42. Rb5 Kd4 43. Rb4+ Kc5 44. Rb3 Rg2+ 45. Kc3 Rg3+ 46. Kb2 Rg4 47. Ka3 Kc6 48. Rb5 Re4 49. Kb3 Rg4 50. Re5 Kd6 51. Ra5 Kc7 52. Rb5 Kc6 53. Ka3 Re4 54. Rb4 Re5 55. Rg4 Kb6 56. Kb4 Rf5 1/2-1/2

[Event "Malmo"]
[Site "Malmo"]
[Date "1993.??.??"]
[Round "2"]
[White "Hector, Jonny"]
[Black "Romanishin, Oleg M"]
[Result "1/2-1/2"]
[WhiteElo "2470"]
[BlackElo "2590"]
[PlyCount "66"]
[EventDate "1993.06.??"]
[Source "ChessBase"]

1. e4 e5 2. Nf3 Nc6 3. Bc4 Nf6 4. d4 exd4 5. e5 Ne4 6. Bd5 Nc5 7. c3 dxc3 8. Nxc3 Be7 9. Be3 O-O 10. Qe2 Nb4 11. O-O-O Nxd5 12. Nxd5 Ne6 13. h4 d6 14. Bg5 Nxg5 15. hxg5 Bf5 16. Nd4 Bg6 17. f4 dxe5 18. Nf3 Qe8 19. Qc4 b5 20. Qc3 c6 21. Nc7 Qc8 22. Qxe5 Bd8 23. Nxa8 f6 24. Qc5 fxg5 25. Nxg5 Bf6 26. Rhe1 Qg4 27. Qe3 Bxg5 28. fxg5 Qc4+ 29. Qc3 Qf4+ 30. Rd2 Qf5 31. Rd4 Rxa8 32. g4 Qxg5+ 33. Qd2 Qc5+ 1/2-1/2

[Event "Viking op"]
[Site "Aaland-Stockholm"]
[Date "1997.??.??"]
[Round "?"]
[White "Sveshnikov, Evgeny"]
[Black "Baumegger, Siegfried"]
[Result "1-0"]
[WhiteElo "2570"]
[BlackElo "2485"]
[PlyCount "137"]
[EventDate "1997.08.??"]
[Source "www.chesslib.no"]
[SourceDate "2004.05.04"]

1. e4 e5 2. Nf3 Nc6 3. Bc4 Nf6 4. d4 exd4 5. e5 d5 6. Bb5 Ne4 7. Nxd4 Bd7 8. Bxc6 bxc6 9. O-O Bc5 10. f3 Ng5 11. f4 Ne6 12. c3 f5 13. Be3 O-O 14. Nd2 Bxd4 15. cxd4 Qb8 16. Qc2 a5 17. Nf3 g6 18. Rac1 Qb4 19. Rf2 a4 20. Qd1 Kh8 21. Ne1 Qe7 22. Nd3 Rfb8 23. Rc3 Rb6 24. Rd2 Bc8 25. Rdc2 Qe8 26. a3 Ba6 27. Nc5 Nxc5 28. dxc5 Rb3 29. Qd4 Kg8 30. Rxb3 axb3 31. Rc3 Bc4 32. Bd2 Qe6 33. Rh3 Ra4 34. Bc3 Bb5 35. Bb4 Ra8 36. Rxb3 Bc4 37. Rh3 Bb5 38. Re3 Kf7 39. b3 Ke7 40. Rh3 Qf7 41. Qf2 Ke6 42. Qh4 Rh8 43. Bc3 h6 44. Bd4 Qg7 45. Kf2 h5 46. Qg5 Rg8 47. Re3 Re8 48. Ke1 Qf7 49. Rg3 Rg8 50. Kd2 Qe7 51. Qh6 Qg7 52. Qg5 Qe7 53. Qf6+ Qxf6 54. exf6 Kf7 55. a4 Ba6 56. Be5 Ra8 57. Rf3 Bc8 58. Kc3 Be6 59. Rd3 Ra7 60. Rd4 Rb7 61. Rb4 Rxb4 62. Kxb4 Ke8 63. Bd4 Kd7 64. Ka5 Kc8 65. Ka6 Kb8 66. b4 Bc8+ 67. Ka5 Be6 68. b5 Kb7 69. b6 1-0

[Event "Ljubljana"]
[Site "Ljubljana"]
[Date "1997.??.??"]
[Round "9"]
[White "Grosar, Aljosa"]
[Black "Atalik, Suat"]
[Result "0-1"]
[WhiteElo "2495"]
[BlackElo "2555"]
[PlyCount "80"]
[EventDate "1997.05.20"]
[Source "ChessBase"]
[SourceDate "1997.07.29"]

1. e4 e5 2. Nf3 Nc6 3. Bc4 Nf6 4. d4 exd4 5. e5 Ng4 6. Qe2 Qe7 7. Bf4 d6 8. exd6 cxd6 9. Nbd2 Bf5 10. Bb5 Qxe2+ 11. Kxe2 O-O-O 12. Bxc6 bxc6 13. Nxd4 Re8+ 14. Kf1 Bd7 15. f3 Ne3+ 16. Bxe3 Rxe3 17. Kf2 Re8 18. Rad1 Kc7 19. c4 Rb8 20. b3 Be7 21. Ne4 f5 22. Ng3 Bh4 23. f4 Rhe8 24. Nf3 Bf6 25. Rd3 Bb2 26. Rhd1 Ba3 27. Nd4 Bc5 28. Kf3 g6 29. Nge2 Re4 30. Nc3 Rbe8 31. Nc2 a5 32. Na4 Ba7 33. Rxd6 Bc8 34. c5 Be6 35. R6d3 Bd5 36. Kg3 g5 37. R1d2 Rxf4 38. Nc3 Be6 39. Rd4 Rxd4 40. Rxd4 f4+ 0-1

[Event "RUS-ch51"]
[Site "St Petersburg"]
[Date "1998.07.28"]
[Round "1"]
[White "Sveshnikov, Evgeny"]
[Black "Potapov, Alexander"]
[Result "1/2-1/2"]
[WhiteElo "2575"]
[BlackElo "2475"]
[PlyCount "33"]
[EventDate "1998.07.28"]
[Source "ChessBase"]
[SourceDate "1998.11.30"]

1. e4 e5 2. Nf3 Nc6 3. Bc4 Nf6 4. d4 exd4 5. e5 d5 6. Bb5 Ne4 7. Nxd4 Bc5 8. Be3 Bd7 9. Bxc6 bxc6 10. Nd2 Nxd2 11. Qxd2 O-O 12. Nb3 Bb6 13. O-O f6 14. f4 fxe5 15. fxe5 Rxf1+ 16. Rxf1 Qg5 17. Re1 1/2-1/2

[Event "Carlos Torre (17eme memorial)"]
[Site "?"]
[Date "2004.12.17"]
[Round "7.1"]
[White "Martin del Campo Roberto"]
[Black "Graf Alexander"]
[Result "0-1"]
[WhiteElo "2404"]
[BlackElo "2646"]
[PlyCount "44"]
[EventDate "2004.??.??"]
[Source "www.chesslib.no"]
[SourceDate "2004.05.04"]

1. e4 e5 2. Nf3 Nc6 3. Bc4 Nf6 4. d4 exd4 5. e5 d5 6. Bb5 Ne4 7. Nxd4 Bc5 8. Be3 O-O 9. Nxc6 bxc6 10. Bxc5 Nxc5 11. Bxc6 Ba6 12. Qxd5 Qg5 13. f4 Qxf4 14. Qxc5 Qc1+ 15. Kf2 Qxh1 16. Bxa8 Rxa8 17. Qc6 Qf1+ 18. Kg3 Rd8 19. Qxc7 Qe1+ 20. Kh3 Bc8+ 21. g4 Qe3+ 22. Kg2 Qd4 0-1

[Event "Rovinj/Zagreb"]
[Site "Zagreb"]
[Date "1975.??.??"]
[Round "2"]
[White "Sax, Gyula"]
[Black "Planinec, Albin"]
[Result "1-0"]
[WhiteElo "2510"]
[BlackElo "2535"]
[PlyCount "84"]
[EventDate "1975.??.??"]
[Source "ChessBase"]

1. e4 e5 2. Nf3 Nc6 3. Bc4 Nf6 4. d4 exd4 5. e5 d5 6. Bb5 Ne4 7. Nxd4 Bd7 8. Bxc6 bxc6 9. O-O Bc5 10. Be3 O-O 11. f3 Ng5 12. f4 Ne6 13. f5 Nxd4 14. Bxd4 Bxd4+ 15. Qxd4 Qg5 16. Qd2 Qe7 17. Nc3 Qxe5 18. Rae1 Qd6 19. f6 gxf6 20. Re3 Rae8 21. Rg3+ Kh8 22. Qd4 Qe5 23. Qxa7 d4 24. Na4 Rg8 25. Qc5 Rxg3 26. hxg3 Qe3+ 27. Kh2 Kg8 28. Qh5 Re5 29. Qh4 Rg5 30. Rf3 Qe5 31. Qf4 c5 32. b3 Bc6 33. Rf2 Rh5+ 34. Kg1 Qe1+ 35. Rf1 Qe2 36. Qf2 Qe4 37. Qf3 Qe5 38. Qxf6 Qd5 39. Rf3 Rg5 40. Nxc5 Qxc5 41. Qd8+ Kg7 42. Qf6+ Kg8 1-0

[Event "Mind Sports Games - Rapid Team"]
[Site "Pechino CINA"]
[Date "2008.10.15"]
[Round "3"]
[White "Sveshnikov, E."]
[Black "Ragger, M."]
[Result "1/2-1/2"]
[WhiteElo "2525"]
[BlackElo "2518"]
[PlyCount "143"]
[EventDate "2008.10.14"]
[Source "www.chesslib.no"]
[SourceDate "2004.05.04"]

1. e4 e5 2. Nf3 Nc6 3. Bc4 Nf6 4. d4 exd4 5. e5 d5 6. Bb5 Nd7 7. O-O Be7 8. Bxc6 bxc6 9. Nxd4 Nb8 10. Nc3 c5 11. Nde2 d4 12. Nb5 O-O 13. Re1 a6 14. Na3 f6 15. Bf4 Bb7 16. Qd3 Qd5 17. Qb3 Nd7 18. exf6 Nxf6 19. Bg3 Bd6 20. Bxd6 cxd6 21. Nf4 Qxb3 22. axb3 d5 23. Ne6 Rfc8 24. Re5 Nd7 25. Rg5 g6 26. f4 Nf8 27. Nxf8 Rxf8 28. Rf1 Kg7 29. f5 Rae8 30. h4 Kh6 31. fxg6 Rxf1+ 32. Kxf1 hxg6 33. Kf2 Re4 34. g3 Re8 35. Rg4 Re4 36. Kf3 Re3+ 37. Kf2 Re4 38. Rg5 Re8 39. Nb1 Rf8+ 40. Kg1 Re8 41. Kf2 Rf8+ 42. Ke1 Re8+ 43. Kd1 c4 44. Nd2 c3 45. bxc3 dxc3 46. Nf3 d4 47. Ne5 Be4 48. Ng4+ Kg7 49. Re5 Rxe5 50. Nxe5 Kf6 51. Nd7+ Kf5 52. Nc5 Bf3+ 53. Ke1 Kg4 54. Nxa6 Kxg3 55. Nc5 Kxh4 56. Ne6 g5 57. Nxd4 Be4 58. b4 g4 59. b5 g3 60. Kf1 Kg4 61. b6 Bb7 62. Ne2 Ba6 63. Kg1 Kf3 64. Nxc3 Ke3 65. Nd5+ Kd4 66. Nc7 Bb7 67. Ne6+ Kc3 68. Nd8 Bd5 69. b7 Bxb7 70. Nxb7 Kxc2 71. Kg2 Kd3 72. Kxg3 1/2-1/2

[Event "JUG Cup"]
[Site "Herzeg Novi"]
[Date "1999.??.??"]
[Round "?"]
[White "Sveshnikov, Evgeny"]
[Black "Gligoric, Svetozar"]
[Result "1/2-1/2"]
[WhiteElo "2563"]
[BlackElo "2476"]
[PlyCount "98"]
[EventDate "1999.??.??"]
[Source "www.chesslib.no"]
[SourceDate "2004.05.04"]

1. e4 e5 2. Nf3 Nc6 3. Bc4 Nf6 4. d4 exd4 5. e5 d5 6. Bb5 Ne4 7. Nxd4 Bc5 8. Be3 Bxd4 9. Qxd4 O-O 10. Bxc6 bxc6 11. Nc3 Bf5 12. Nxe4 Bxe4 13. O-O-O Qe7 14. f3 Bg6 15. Rhe1 Rfe8 16. a3 a5 17. Qc3 Qxe5 18. Qxe5 Rxe5 19. Bf4 Rxe1 20. Rxe1 c5 21. Bxc7 f6 22. Re7 a4 23. Rd7 Rc8 24. Bb6 d4 25. Rd5 d3 26. cxd3 c4 27. d4 c3 28. Rc5 cxb2+ 29. Kxb2 Rxc5 30. Bxc5 Bf7 31. Kc3 Bb3 32. Kb4 Kf7 33. d5 Bxd5 34. Kxa4 Ke6 35. Kb5 Kd7 36. Bd4 Bc6+ 37. Kc5 h5 38. h4 Kc7 39. Be3 Ba4 40. Kb4 Bc6 41. a4 Bb7 42. Kc5 Ba6 43. Kd5 Bf1 44. g3 Be2 45. f4 f5 46. Ke6 Bg4 47. Kf7 Kb7 48. Kxg7 Ka6 49. Bd2 Kb7 1/2-1/2

[Event "10th Open"]
[Site "Bosnjaci "]
[Date "2004.01.06"]
[Round "6"]
[White "Zelcic, Robert"]
[Black "Blagojevic, Dragisa"]
[Result "1/2-1/2"]
[WhiteElo "2524"]
[BlackElo "2513"]
[PlyCount "114"]
[EventDate "2004.01.03"]
[Source "Roberto Alvarez"]
[SourceDate "2004.01.19"]

1. e4 e5 2. Nf3 Nc6 3. Bc4 Nf6 4. d4 exd4 5. e5 Ne4 6. O-O d5 7. Bb5 Bc5 8. Nxd4 O-O 9. Bxc6 bxc6 10. Be3 Qe8 11. Nc3 Nxc3 12. bxc3 Bb6 13. Qh5 c5 14. Nf5 f6 15. Nxg7 Kxg7 16. exf6+ Kh8 17. Qxd5 Be6 18. Qe5 Qf7 19. a4 c6 20. Rfe1 Qxf6 21. Qxf6+ Rxf6 22. a5 Bc7 23. Bxc5 Kg8 24. a6 Bb6 25. Bxb6 axb6 26. a7 Bf5 27. Re7 Rf7 28. Rxf7 Kxf7 29. Ra2 Ke7 30. f3 Be6 31. Ra1 Bf5 32. Ra2 Kd6 33. Kf2 Be6 34. Ra1 Bf5 35. Ra2 Kc7 36. g4 Be6 37. Ra1 Bd5 38. f4 Be4 39. Re1 Bxc2 40. Re7+ Kd6 41. Rb7 c5 42. Rxb6+ Kc7 43. Ra6 Kb7 44. Ra2 Bg6 45. f5 Bf7 46. Re2 Rxa7 47. Re7+ Kb6 48. Rxa7 Kxa7 49. Ke3 Kb6 50. Ke4 Kb5 51. Ke5 Kc4 52. Kd6 Kxc3 53. Kxc5 Kd3 54. Kd6 Ke4 55. Ke7 Bc4 56. Kf6 Kf4 57. h3 Kg3 1/2-1/2

[Event "TCh-SLO, Bled SLO"]
[Site "?"]
[Date "2001.??.??"]
[Round "1"]
[White "Sveshnikov, E."]
[Black "Zaja, I."]
[Result "1-0"]
[WhiteElo "2555"]
[BlackElo "2475"]
[PlyCount "89"]
[EventDate "2001.??.??"]
[Source "www.chesslib.no"]
[SourceDate "2004.05.04"]

1. e4 e5 2. Nf3 Nc6 3. Bc4 Nf6 4. d4 exd4 5. e5 d5 6. Bb5 Ne4 7. Nxd4 Bc5 8. Be3 Bd7 9. Bxc6 bxc6 10. Nd2 Nxd2 11. Qxd2 O-O 12. Nb3 Bb6 13. O-O-O Qe7 14. Rhe1 a5 15. a3 a4 16. Bg5 Qe6 17. Nd4 Qg6 18. f4 Ba5 19. c3 c5 20. Ne2 d4 21. Be7 Rfb8 22. Bxc5 dxc3 23. Nxc3 Bg4 24. h3 Bxd1 25. Rxd1 Bxc3 26. Qxc3 Rd8 27. Re1 Rd3 28. Qc2 Rad8 29. Bb4 Qe6 30. Qxa4 Qc4+ 31. Qc2 Qa2 32. Qxc7 Rd1+ 33. Kc2 Qb1+ 34. Kb3 R1d3+ 35. Bc3 Rxc3+ 36. Qxc3 Rb8+ 37. Ka4 Ra8+ 38. Kb5 Rb8+ 39. Ka5 Qa2 40. Rd1 h5 41. Rd6 Rxb2 42. e6 Rc2 43. Rd8+ Kh7 44. Qd3+ g6 45. exf7 1-0

[Event "Chigorin mem-A 10th"]
[Site "?"]
[Date "2002.10.29"]
[Round "5"]
[White "Ovetchkin Roman"]
[Black "Obukhov Alexander"]
[Result "1-0"]
[WhiteElo "2573"]
[BlackElo "2453"]
[PlyCount "121"]
[EventDate "2002.??.??"]
[Source "www.chesslib.no"]
[SourceDate "2004.05.04"]

1. e4 e5 2. Nf3 Nc6 3. Bc4 Nf6 4. d4 exd4 5. e5 d5 6. Bb5 Ne4 7. Nxd4 Bd7 8. Bxc6 Bxc6 9. O-O Qd7 10. Be3 O-O-O 11. a4 a6 12. c3 Nc5 13. a5 Be7 14. b4 Ne6 15. Nd2 Nxd4 16. Bxd4 Qf5 17. Re1 h5 18. Nb3 Rh6 19. Bc5 Bxc5 20. bxc5 Rg6 21. Nd4 Qg5 22. Qf3 Qe7 23. e6 fxe6 24. Qxh5 Rf6 25. Nxc6 bxc6 26. Qe2 Qxc5 27. Qxa6+ Kd7 28. Re3 Qb5 29. Qa7 Rxf2 30. Kxf2 Qb2+ 31. Kg3 Qxa1 32. Qd4 Re8 33. Qxg7+ Re7 34. Qe5 Qxa5 35. h4 Qa8 36. Kh3 Qg8 37. g4 Qf7 38. h5 c5 39. Kg3 Qf1 40. Re1 Qf7 41. Re3 Qf1 42. Re1 Qf7 43. Re2 Re8 44. Rf2 Qh7 45. Kh4 Ra8 46. Rf6 Qe7 47. h6 Ra4 48. Qg5 Qd6 49. Rf2 Ra1 50. Qg7+ Kc6 51. Qf6 Rh1+ 52. Kg5 d4 53. cxd4 Rh3 54. Rf3 Rh2 55. Ra3 Kd7 56. Qg7+ Kc8 57. Ra8+ Kb7 58. Qh8 Qe7+ 59. Kg6 Kc6 60. Qe5 Kd7 61. Qxh2 1-0

[Event "Salona"]
[Site "Solin/Split"]
[Date "2001.12.08"]
[Round "1"]
[White "Zelcic, Robert"]
[Black "Zaja, Ivan"]
[Result "1-0"]
[WhiteElo "2547"]
[BlackElo "2476"]
[PlyCount "77"]
[EventDate "2001.12.08"]
[Source "ChessBase"]
[SourceDate "2002.03.21"]

1. e4 e5 2. Nf3 Nc6 3. Bc4 Nf6 4. d4 exd4 5. e5 d5 6. Bb5 Ne4 7. Nxd4 Bd7 8. Bxc6 bxc6 9. O-O Be7 10. f3 Nc5 11. f4 g6 12. f5 Bxf5 13. Nxc6 Qd7 14. Nxe7 Qxe7 15. Qxd5 O-O 16. Nc3 Rac8 17. Qf3 Qxe5 18. Bf4 Qd4+ 19. Be3 Qe5 20. Rae1 Ne6 21. Qf2 Qa5 22. Bh6 Ng7 23. h3 Qb6 24. g4 Qxf2+ 25. Rxf2 Be6 26. Re5 Rb8 27. b3 Rfd8 28. Ne4 Rd1+ 29. Kh2 Rbd8 30. Bg5 Rc8 31. c4 Ne8 32. Bh6 Nd6 33. Nc5 Rd8 34. Nxe6 fxe6 35. Rxe6 Nf7 36. Bf4 R8d7 37. c5 Nd8 38. Re8+ Kf7 39. Bd6+ 1-0

[Event "Europa ch 2008"]
[Site "Plovdiv BUL"]
[Date "2008.04.23"]
[Round "3.85"]
[White "Llaneza Vega, Marcos"]
[Black "Mastrovasilis, Dimitrios"]
[Result "1-0"]
[WhiteElo "2425"]
[BlackElo "2580"]
[PlyCount "67"]
[EventDate "2008.04.21"]
[Source "www.chesslib.no"]
[SourceDate "2004.05.04"]

1. e4 e5 2. Nf3 Nc6 3. Bc4 Nf6 4. d4 exd4 5. Ng5 d5 6. exd5 Ne5 7. Qe2 Bd6 8. f4 Bg4 9. Nf3 Bxf3 10. gxf3 O-O 11. fxe5 Bxe5 12. O-O Re8 13. Qg2 d3 14. cxd3 Nxd5 15. f4 Bd4+ 16. Kh1 Nb6 17. Nd2 Qd7 18. Nf3 Nxc4 19. dxc4 Rad8 20. Nxd4 Qxd4 21. f5 Re4 22. Bd2 Rg4 23. Bc3 Qxc4 24. Qf3 h5 25. Rad1 Re8 26. Rfe1 Rxe1+ 27. Rxe1 f6 28. h3 Rh4 29. Rg1 Kf7 30. Qg3 Qd5+ 31. Rg2 Qd1+ 32. Be1 Rxh3+ 33. Qxh3 Qxe1+ 34. Kh2 1-0

[Event "FSGM June"]
[Site "Budapest"]
[Date "2003.06.07"]
[Round "1"]
[White "Turov, Maxim"]
[Black "Kallio, Heikki"]
[Result "1-0"]
[WhiteElo "2531"]
[BlackElo "2470"]
[PlyCount "55"]
[EventDate "2003.06.03"]
[Source "Roberto Alvarez"]
[SourceDate "2003.06.23"]

1. e4 e5 2. Nf3 Nc6 3. Bc4 Nf6 4. d4 exd4 5. e5 d5 6. Bb5 Ne4 7. Nxd4 Bd7 8. Bxc6 bxc6 9. O-O Be7 10. f3 Nc5 11. f4 Ne4 12. Nc3 Nxc3 13. bxc3 c5 14. Ne2 Bb5 15. f5 d4 16. Rf2 dxc3 17. Qe1 Bc4 18. Nxc3 O-O 19. Rf4 Ba6 20. Be3 Re8 21. Rd1 Qc8 22. Qg3 Bf8 23. Ne4 Rxe5 24. Nf6+ Kh8 25. Nxh7 Kxh7 26. Rh4+ Kg8 27. Qxe5 Bd6 28. Qe4 1-0